Normal view
MARC view
- Dr. P.K Sureshkumar (Guide)
Entry Personal Name
001 - CONTROL NUMBER
- control field: 3691
003 - CONTROL NUMBER IDENTIFIER
- control field: OSt
005 - DATE AND TIME OF LATEST TRANSACTION
- control field: 20181011144045.0
008 - FIXED-LENGTH DATA ELEMENTS
- fixed length control field: 181011|| aca||aabn | a|a d
040 ## - CATALOGING SOURCE
- Original cataloging agency: OSt
- Transcribing agency: OSt
100 ## - HEADING--PERSONAL NAME
- Personal name: Dr. P.K Sureshkumar (Guide)
670 ## - SOURCE DATA FOUND
- Source citation: Work cat.: (OSt)14928: FASEERA A.C MIKHAIL P.J SWATHA V.S 3690, Development and evaluation of pneumatic packaging machine for paddy
